000 00881nam a2200265Ia 4500
003 OSt
005 20220923211131.0
006 a|||||r|||| 00| 0
007 ta
008 220922b |||||||| |||| 00| 0 pan d
020 _a8185267707
_c75
024 _a260,749
037 _b556, 14/12/2011, H.K. Prakashan
_cTextual
040 _aARTS
_cARTS
_bpan
041 _2pan
_apan
082 _aO153,2N18,15, N9
100 _aਗਾਰਗੀ, ਬਲਵੰਤ
_9156290
245 0 _aਐਕਟ੍ਰੈਸੱ
260 _aਦਿੱਲੀ
_b ਨਵਯੁਗ ਪਬਲਿFਰਗ਼
_c1999
300 _a110ਪੰ
_ccm.
650 _a ਪੰਜਾਬੀ ਨਾਟਕ
_9156368
650 _aਪੰਜਾਬੀ ਸਾਹਿਤ
942 _hO153,2N18,15, N9
_cTEXL
_2CC
999 _c295764
_d295764